[Event "3rd Vergani Cup 2018"]
[Site "Montebelluna"]
[Date "2019.01.02"]
[Round "?"]
[White "Velten, Paul"]
[Black "Bernadskiy, Vitaliy"]
[Result "1/2-1/2"]
[WhiteElo "2485"]
[BlackElo "2547"]
[PlyCount "132"]
[EventDate "2018.12.27"]
[EventType "swiss"]
[EventCountry "ITA"]
[TimeControl "5400+30"]
[WhiteClock "0:31:57"]
[BlackClock "0:16:33"]

1. d4 {[%emt 0:10:31]} g6 {[%emt 0:00:00]} 2. c3 {[%emt 0:01:37]} d6 {[%emt 0:00:26]} 3. Bg5 {[%emt 0:00:48]} Bg7 {[%emt 0:00:58]} 4. Nd2 {[%emt 0:00:57]} h6 {[%emt 0:02:19]} 5. Bh4 {[%emt 0:00:32]} Nc6 {[%emt 0:05:34]} 6. e4 {[%emt 0:04:17]} Nf6 {[%emt 0:00:17]} 7. f4 {[%emt 0:00:54]} O-O {[%emt 0:03:44]} 8. Bxf6 {[%emt 0:03:02]} exf6 {[%emt 0:01:01]} 9. Qf3 {[%emt 0:04:19]} f5 {[%emt 0:01:54]} 10. Bd3 {[%emt 0:01:18]} fxe4 {[%emt 0:02:16]} 11. Bxe4 {[%emt 0:00:09]} Ne7 {[%emt 0:00:27]} 12. Ne2 {[%emt 0:04:32]} c5 {[%emt 0:01:23]} 13. dxc5 {[%emt 0:02:27]} dxc5 {[%emt 0:00:24]} 14. Nc4 {[%emt 0:04:09]} Be6 {[%emt 0:01:03]} 15. Rd1 {[%emt 0:00:21]} Qc7 {[%emt 0:00:03]} 16. Ne3 {[%emt 0:00:06]} f5 {[%emt 0:03:09]} 17. Bb1 {[%emt 0:09:20]} Rad8 {[%emt 0:01:51]} 18. O-O {[%emt 0:00:33]} Qc6 {[%emt 0:00:50]} 19. Qf2 {[%emt 0:01:25]} b5 {[%emt 0:00:40]} 20. h3 {[%emt 0:03:19]} Bc8 {[%emt 0:04:27]} 21. g4 {[%emt 0:02:38]} fxg4 {[%emt 0:01:10]} 22. hxg4 {[%emt 0:00:09]} Bb7 {[%emt 0:00:43]} 23. Ng3 {[%emt 0:00:18]} Rxd1 {[%emt 0:02:02]} 24. Rxd1 {[%emt 0:00:15]} Qc7 {[%emt 0:07:30]} 25. f5 {[%emt 0:01:41]} b4 {[%emt 0:02:29]} 26. Ne4 {[%emt 0:14:38]} bxc3 {[%emt 0:01:04]} 27. bxc3 {[%emt 0:00:34]} Bxe4 {[%emt 0:00:57]} 28. Bxe4 {[%emt 0:00:06]} Bxc3 {[%emt 0:00:06]} 29. Nd5 {[%emt 0:00:22]} Nxd5 {[%emt 0:00:53]} 30. Bxd5+ {[%emt 0:00:06]} Kh8 {[%emt 0:02:16]} 31. Qe3 {[%emt 0:06:32]} Qg7 {[%emt 0:01:12]} 32. Qxc5 {[%emt 0:00:06]} gxf5 {[%emt 0:00:18]} 33. Bg2 {[%emt 0:00:15]} Rg8 {[%emt 0:09:55]} 34. Qxf5 {[%emt 0:00:21]} Bd4+ {[%emt 0:00:32]} 35. Kh1 {[%emt 0:00:29]} Qxg4 {[%emt 0:00:35]} 36. Qxg4 {[%emt 0:00:04]} Rxg4 {[%emt 0:00:03]} 37. Bf3 {[%emt 0:01:19]} Rf4 {[%emt 0:00:46]} 38. Kg2 {[%emt 0:00:13]} Kg7 {[%emt 0:00:29]} 39. Re1 {[%emt 0:01:32]} Bb6 {[%emt 0:00:22]} 40. Re6 {[%emt 0:02:33]} Ra4 {[%emt 0:02:28]} 41. Bd5 {[%emt 0:00:31]} Rd4 {[%emt 0:00:11]} 42. Bb3 {[%emt 0:00:12]} h5 {[%emt 0:00:22]} 43. Kh3 {[%emt 0:00:46]} Bd8 {[%emt 0:02:49]} 44. Re5 {[%emt 0:00:33]} Rd3+ {[%emt 0:00:46]} 45. Kg2 {[%emt 0:00:12]} h4 {[%emt 0:00:06]} 46. Rd5 {[%emt 0:01:10]} Rg3+ {[%emt 0:00:04]} 47. Kh2 {[%emt 0:00:15]} Bb6 {[%emt 0:01:58]} 48. Rh5 {[%emt 0:03:52]} Bc7 {[%emt 0:00:10]} 49. Kh1 {[%emt 0:00:06]} Rg4 {[%emt 0:00:25]} 50. Rc5 {[%emt 0:01:01]} Bb6 {[%emt 0:00:38]} 51. Rc4 {[%emt 0:00:22]} Bd4 {[%emt 0:00:12]} 52. Kh2 {[%emt 0:00:55]} Kf6 {[%emt 0:00:19]} 53. Rc8 {[%emt 0:00:19]} Rg3 {[%emt 0:00:38]} 54. Rf8+ {[%emt 0:01:15]} Ke7 {[%emt 0:04:55]} 55. Rf7+ {[%emt 0:01:56]} Kd6 {[%emt 0:00:06]} 56. Rh7 {[%emt 0:00:22]} Be5 {[%emt 0:01:17]} 57. Kh1 {[%emt 0:00:12]} Rh3+ {[%emt 0:02:10]} 58. Kg2 {[%emt 0:00:33]} Rh2+ {[%emt 0:00:31]} 59. Kf3 {[%emt 0:00:13]} a5 {[%emt 0:00:46]} 60. Rh6+ {[%emt 0:00:45]} Kc5 {[%emt 0:01:53]} 61. Rh5 {[%emt 0:00:27]} Kd4 {[%emt 0:00:25]} 62. Kg4 {[%emt 0:00:15]} a4 {[%emt 0:01:21]} 63. Rxh4 {[%emt 0:01:13]} Rxh4+ {[%emt 0:00:18]} 64. Kxh4 {[%emt 0:00:05]} axb3 {[%emt 0:00:02]} 65. axb3 {[%emt 0:00:06]} Kc3 {[%emt 0:00:02]} 66. Kg4 {[%emt 0:00:04]} Kxb3 {[%emt 0:00:03]} 1/2-1/2

[Event "3rd Vergani Cup 2018"]
[Site "Montebelluna"]
[Date "2019.01.02"]
[Round "?"]
[White "Velten, Paul"]
[Black "Seresin, Francesco"]
[Result "1-0"]
[WhiteElo "2485"]
[BlackElo "2258"]
[Annotator "TA"]
[PlyCount "119"]
[EventDate "2018.12.27"]
[EventType "swiss"]
[EventCountry "ITA"]

{[%evp 13,119,20,30,0,5,-8,0,6,8,-24,28,0,37,21,59,56,51,57,53,0,0,0,8,0,0,0,0,0,0,0,0,0,0,0,0,0,0,-31,0,0,-7,-36,0,-20,0,-8,178,171,187,189,189,164,158,179,122,148,160,99,95,82,1090,1090,1058,1022,976,941,900,881,874,791,2855,2612,2536,5085,2358,2998,1976,1797,5501,5401,5505,4141,10883,6300,2260,2286,5077,11873,5497,5412,2434,1934,29978,29979,29978,29975,29984,29985,29989,29990,29990,29987,29987,29987,29987,29988,29991,763]} 1. d4 Nf6 2. Nf3 b6 3. Bg5 e6 4. e4 h6 5. Bxf6 Qxf6 6. Nbd2 Bb7 7. Bd3 g6 {LiveBook: 11 Games} 8. e5 {A47: 1 d4 Nf6 2 Nf3 b6: Torre, London and Colle Systems} Qe7 9. Be4 Bxe4 $146 ({Predecessor:} 9... Nc6 10. O-O Bg7 11. c3 O-O 12. Re1 f5 13. exf6 Qxf6 14. Qc2 g5 15. Nc4 d6 {0-1 (35) Chojnacki,S (2237)-Wojtaszek,R (2738) Zgierz 2018}) 10. Nxe4 {The position is equal.} Bg7 $1 11. Qd2 O-O ({Black should try} 11... d5 12. exd6 cxd6) 12. h4 d6 13. O-O-O dxe5 14. dxe5 Nc6 15. Qf4 Rad8 16. g4 Rxd1+ $1 17. Rxd1 {Threatening Nf6+.} Rd8 18. Nf6+ Kf8 19. Rxd8+ Qxd8 20. g5 hxg5 21. hxg5 Bxf6 $1 22. gxf6 Qd5 23. b3 Ke8 24. Qe3 b5 25. c3 g5 26. Nxg5 Nxe5 27. f4 Nc6 28. Ne4 a5 29. Nc5 a4 $2 (29... Qf5 $11 {and Black is okay.}) 30. Qg1 $18 {[%cal Rg1g8]} Qd6 31. Qg8+ Qf8 32. Qxf8+ Kxf8 33. bxa4 bxa4 {[%mdl 4096] Endgame [#] KN-KN} 34. Kb2 $1 Ke8 35. Ka3 (35. Nxa4 $142 e5 36. fxe5) 35... e5 $16 36. f5 ({Don't play} 36. Kxa4 $6 exf4 37. Ne4 Kd8 $11) 36... Na5 $2 {[%mdl 8192] [#]} (36... Na7 $16) 37. Kb4 $1 $18 Nc6+ 38. Kxa4 Kd8 39. Kb5 Na7+ 40. Kc4 c6 41. Nd3 Nc8 42. Nxe5 {[%mdl 64] Double Attack} Nd6+ 43. Kc5 Kc7 44. Nxc6 Nxf5 45. Ne5 Nd6 46. Kd5 Ne8 47. Ng4 Kd7 48. c4 Nc7+ 49. Kc5 Ne6+ 50. Kb6 Kd6 51. a4 {[%cal Ba2a4,Ba4a5,Ba5a6,Ba6a7][%mdl 32]} Nc5 52. a5 Nd7+ 53. Kb5 {White mates.} Kc7 54. a6 Kc8 55. c5 {[%cal Bc4c5,Bc5c6][%mdl 32]} Kb8 56. c6 Nf8 57. Kb6 Ne6 58. Ne5 Nc7 59. a7+ Ka8 60. Kxc7 {Accuracy: White = 69%, Black = 47%.} 1-0

[Event "3rd Vergani Cup 2018"]
[Site "Montebelluna"]
[Date "2019.01.02"]
[Round "?"]
[White "Henderson de La Fuente, Lance"]
[Black "Ter-Sahakyan, Samvel"]
[Result "1/2-1/2"]
[WhiteElo "2484"]
[BlackElo "2574"]
[PlyCount "68"]
[EventDate "2018.12.27"]
[EventType "swiss"]
[EventCountry "ITA"]
[TimeControl "5400+30"]

1. e4 {[%emt 0:00:00]} c5 {[%emt 0:00:00]} 2. Nf3 {[%emt 0:00:04]} d6 {[%emt 0:00:05]} 3. d4 {[%emt 0:00:42]} cxd4 {[%emt 0:00:06]} 4. Nxd4 {[%emt 0:00:32]} Nf6 {[%emt 0:00:06]} 5. Nc3 {[%emt 0:00:05]} a6 {[%emt 0:00:06]} 6. h3 {[%emt 0:00:10]} g6 {[%emt 0:01:34]} 7. g4 {[%emt 0:00:50]} Nc6 {[%emt 0:00:08]} 8. Be3 {[%emt 0:00:56]} Nxd4 {[%emt 0:00:13]} 9. Bxd4 {[%emt 0:01:30]} Bh6 {[%emt 0:00:09]} 10. Bxf6 {[%emt 0:13:10]} exf6 {[%emt 0:00:17]} 11. Bc4 {[%emt 0:00:19]} O-O {[%emt 0:06:19]} 12. Qf3 {[%emt 0:03:25]} b5 {[%emt 0:22:04]} 13. Bb3 {[%emt 0:04:19]} Rb8 {[%emt 0:15:24]} 14. Nd5 {[%emt 0:01:00]} Kg7 {[%emt 0:08:23]} 15. Kf1 {[%emt 0:06:45]} a5 {[%emt 0:00:45]} 16. a4 {[%emt 0:02:49]} bxa4 {[%emt 0:01:59]} 17. Rxa4 {[%emt 1:01:54]} Be6 {[%emt 0:01:54]} 18. Rxa5 {[%emt 0:00:00]} Bc1 {[%emt 0:03:16]} 19. Ra2 {[%emt 0:00:00]} Bxd5 {[%emt 0:02:11]} 20. exd5 {[%emt 0:00:00]} Ra8 {[%emt 0:03:48]} 21. Qc3 {[%emt 0:00:00]} Rxa2 {[%emt 0:02:49]} 22. Bxa2 {[%emt 0:00:00]} Qa8 {[%emt 0:00:21]} 23. Bc4 {[%emt 0:00:00]} Qa1 {[%emt 0:01:33]} 24. Ke2 {[%emt 0:00:00]} Qxb2 {[%emt 0:01:12]} 25. Qxb2 {[%emt 0:00:00]} Bxb2 {[%emt 0:00:04]} 26. Rb1 {[%emt 0:00:00]} Bd4 {[%emt 0:00:07]} 27. Rb7 {[%emt 0:00:00]} Kh6 {[%emt 0:01:19]} 28. Bb5 {[%emt 0:00:00]} Kg5 {[%emt 0:00:41]} 29. Kf3 {[%emt 0:00:00]} Kh6 {[%emt 0:13:41]} 30. Bc6 {[%emt 0:00:00]} Kg7 {[%emt 0:00:38]} 31. Kg3 {[%emt 0:00:00]} Bc5 {[%emt 0:00:27]} 32. Kf3 {[%emt 0:00:00]} Kh6 {[%emt 0:01:32]} 33. Re7 {[%emt 0:00:00]} Kg7 {[%emt 0:00:23]} 34. Ke2 {[%emt 0:08:30]} Bd4 {[%emt 0:13:26]} 1/2-1/2

[Event "3rd Vergani Cup 2018"]
[Site "Montebelluna"]
[Date "2019.01.02"]
[Round "?"]
[White "Henderson de La Fuente, Lance"]
[Black "De Bortoli, Francesco"]
[Result "1-0"]
[WhiteElo "2484"]
[BlackElo "1875"]
[Annotator "TA"]
[PlyCount "77"]
[EventDate "2018.12.27"]
[EventType "swiss"]
[EventCountry "ITA"]

{[%evp 16,77,37,22,51,40,47,53,74,72,63,68,67,75,72,69,135,133,122,116,233,233,223,226,215,179,235,223,236,234,264,243,281,256,259,261,399,390,379,261,253,256,249,246,444,435,486,472,483,472,1868,1882,1860,1835,1434,583,29990,29991,29991,29989,29989,29990,29990,29991]} 1. e4 c5 2. Nf3 d6 3. d4 cxd4 4. Qxd4 a6 5. c4 Nc6 6. Qe3 Nf6 {B53: Sicilian: 2...d6: Lines with Qxd4} (6... Bg4 7. Nd4 g6 8. Nc3 Bg7 9. Nxc6 bxc6 10. h3 Be6 11. Be2 Nf6 12. O-O O-O 13. f4 Qa5 14. Bd2 {1-0 (50) Karjakin,S (2763)-Nepomniachtchi,I (2751) Moscow 2018}) 7. Be2 g6 8. h3 Bg7 9. O-O {LiveBook: 152 Games} Qc7 10. Nc3 O-O 11. Rb1 Ne5 12. Nxe5 dxe5 13. b3 $146 e6 14. Rd1 Rd8 15. Ba3 Rd4 ({Black should play} 15... Rxd1+ $14 16. Rxd1 Bf8 17. Bxf8 Kxf8) 16. Rxd4 $16 exd4 17. Qxd4 Nd5 (17... Ne8 $16 18. Qe3 Bd7) 18. Nxd5 $18 exd5 19. Qxd5 Be6 20. Qg5 Re8 (20... b5 {was called for.} 21. Qe7 (21. cxb5 Qa5 $16) 21... Qa5) 21. Rd1 h6 22. Qd2 Qe5 23. Bf3 Qf6 24. Qe3 b5 25. c5 Kh7 (25... Rc8 {might work better.} 26. Qd2 Qc3) 26. c6 Rc8 27. Rc1 h5 28. Rc2 Qa1+ 29. Qc1 Qf6 $2 {[#]} (29... Qxc1+ {keeps fighting.} 30. Bxc1 Be5) 30. Bb2 Qh4 31. Bxg7 Kxg7 32. c7 g5 (32... Qf6 $142 33. Rc5 Qe7 34. Qc3+ Kg8) 33. g3 Qxh3 34. Qxg5+ {[%mdl 64] [#] Double Attack} Kh7 35. e5 (35. Rc5 $142 h4 36. Qh5+ Kg7 37. Rg5+ Kf8 38. Bg2 {[%mdl 64] Trapped Piece}) 35... Rg8 36. Be4+ {White mates.} Rg6 37. c8=Q Bxc8 38. Bxg6+ fxg6 39. Rc7+ {Accuracy: White = 75%, Black = 22%.} 1-0

[Event "3rd Vergani Cup 2018"]
[Site "Montebelluna"]
[Date "2019.01.02"]
[Round "?"]
[White "Henderson de La Fuente, Lance"]
[Black "Di Benedetto, Edoardo"]
[Result "1/2-1/2"]
[WhiteElo "2484"]
[BlackElo "2324"]
[Annotator "TA"]
[PlyCount "56"]
[EventDate "2018.12.27"]
[EventType "swiss"]
[EventCountry "ITA"]

{[%evp 19,56,11,12,0,0,0,0,0,0,0,12,13,6,0,0,0,0,0,0,0,0,0,0,0,1,0,0,-1,0,-8,-8,-8,-8,-10,-9,-12,-10,-9,-5]} 1. e4 e6 2. d4 d5 3. Bd3 dxe4 4. Bxe4 Nf6 5. Bf3 c5 6. Ne2 Nc6 {C01: French: Exchange Variation} 7. Be3 cxd4 (7... Nd5 8. Bxd5 Qxd5 9. Nbc3 Qxg2 10. Rg1 Qf3 11. Nb5 Rb8 12. dxc5 Bd7 13. Nc7+ Kd8 14. Nb5 {0-1 (54) Kramnik,V (2808)-Caruana,F (2808) Stavanger 2017}) 8. Nxd4 Ne5 9. Nc3 Bb4 10. Ndb5 Bd7 {[%cal Bc8d7,Bd7c6,Bc6f3][%mdl 32] LiveBook: 14 Games. The position is equal.} 11. Qd4 Nxf3+ 12. gxf3 Bxc3+ 13. Nxc3 Bc6 14. Qe5 Bxf3 $146 ({Predecessor:} 14... O-O 15. Rg1 Kh8 16. Bd4 Rg8 17. O-O-O Bxf3 18. Rd3 Bc6 19. Rdg3 Ne8 20. Qh5 Qxd4 {1-0 (20) Kozionov,K (2444)-Shubin,K (2372) Kirishi 2016}) 15. Rg1 $1 {Threatens to win with Qg3.} Qb8 $132 {[%mdl 2048] Black is not holding back} 16. Qb5+ Nd7 17. Rg3 Bc6 18. Qg5 Qe5 19. Qxg7 Qxg7 20. Rxg7 Ke7 21. O-O-O Rag8 22. Rdg1 Rxg7 23. Rxg7 a6 24. h4 e5 {[%cal Be6e5,Be5f4][%mdl 32]} 25. f4 Kf8 26. Rg1 Rg8 27. Rxg8+ Kxg8 28. Ne2 exf4 {Accuracy: White = 68%, Black = 82%.} 1/2-1/2

[Event "3rd Vergani Cup 2018"]
[Site "Montebelluna"]
[Date "2019.01.02"]
[Round "?"]
[White "Henderson de La Fuente, Lance"]
[Black "Seresin, Francesco"]
[Result "1/2-1/2"]
[WhiteElo "2484"]
[BlackElo "2258"]
[Annotator "TA"]
[PlyCount "100"]
[EventDate "2018.12.27"]
[EventType "swiss"]
[EventCountry "ITA"]

{[%evp 16,100,28,27,89,89,89,89,100,99,93,98,105,59,51,46,39,39,39,40,85,85,86,-53,-52,-46,-45,-56,-64,-51,7,7,15,18,18,21,21,27,26,21,35,-23,-20,-17,-20,-10,-10,-35,-35,-38,-34,-52,-7,-21,38,38,38,39,39,37,52,53,73,72,75,81,87,68,98,99,101,101,143,103,141,140,136,147,122,41,41,41,41,41,56,8,8]} 1. e4 c6 2. d4 d5 3. e5 Bf5 4. Nd2 e6 5. Nb3 Nd7 6. Nf3 h6 {B12: Caro-Kann: Advance Variation} 7. Be2 Ne7 8. O-O Bh7 (8... g5 9. Ne1 Qc7 10. f4 c5 11. Nxc5 Nxc5 12. dxc5 Qxc5+ 13. Kh1 d4 14. Nd3 Qc7 15. fxg5 {0-1 (32) Shirov,A (2636)-Nakamura,H (2763) Douglas 2018}) 9. a4 {LiveBook: 94 Games} c5 (9... Nf5 $11) 10. Nxc5 $16 Nxc5 11. dxc5 Nc6 12. Be3 Be7 13. c3 Qc7 $146 ({Predecessor:} 13... O-O 14. b4 Qc7 15. Bd4 {1-0 (50) Castella Garcia,F (2333)-Megias Chafer,A (2159) Valencia 2009}) 14. Bd4 O-O 15. Bd3 Be4 16. Re1 Bxf3 17. Qxf3 Nxd4 18. cxd4 b6 19. Rac1 (19. b4 $16) 19... bxc5 $15 20. dxc5 Qa5 21. Qe3 Rfc8 {[%cal Re7c5]} 22. c6 Qxa4 (22... Rab8 $15) 23. b3 $11 Qb4 24. Ba6 Rc7 25. Bb7 d4 {[%cal Bd5d4,Bd4d3,Bd3d2][%mdl 32]} 26. Qd3 Rd8 27. Red1 Qa5 28. Qe4 ({Better is} 28. f4 $14) 28... Qd5 29. Qxd5 Rxd5 30. f4 d3 31. Rc3 d2 32. Kf2 g5 33. g3 f6 (33... Bb4 {is interesting.} 34. Rc4 a5 35. Ke3 f6 36. exf6 Kf7) 34. exf6 Bxf6 (34... Bb4 $1 $11 35. Rc4 a5) 35. Rc2 $14 gxf4 36. Rcxd2 fxg3+ 37. hxg3 Rxd2+ 38. Rxd2 {[%mdl 4096] Endgame KRB-KRB} Rf7 {[#] Threatens to win with ...Bc3+.} 39. Kg2 Rc7 40. Kf3 Kf8 41. Rh2 Rf7 42. Ke4 Bd8 43. Rxh6 Rg7 44. Kf3 Bc7 45. g4 ({Don't play} 45. Rxe6 $6 Rxg3+ 46. Ke4 Rxb3 $14) 45... Rf7+ 46. Kg2 Rf4 47. Rxe6 ({White should play} 47. Kh3 $16) 47... Rxg4+ 48. Kf2 Rb4 49. Rf6+ Ke7 50. Rf3 Rf4 {Accuracy: White = 57%, Black = 59%.} 1/2-1/2

[Event "3rd Vergani Cup 2018"]
[Site "Montebelluna"]
[Date "2019.01.02"]
[Round "?"]
[White "Prithu Gupta"]
[Black "Pratyusha, Bodda"]
[Result "1-0"]
[WhiteElo "2462"]
[BlackElo "2273"]
[Annotator "TA"]
[PlyCount "79"]
[EventDate "2018.12.27"]
[EventType "swiss"]
[EventCountry "ITA"]

{[%evp 21,79,14,8,0,0,12,9,0,0,0,0,-1,11,16,84,77,124,60,94,89,83,89,112,119,116,100,134,133,112,102,112,71,216,210,197,191,515,513,510,402,380,362,329,27,528,529,506,112,119,106,130,102,620,613,590,576,6427,6411,2359,891]} 1. c4 Nf6 2. Nf3 e6 3. g3 d5 4. Bg2 Be7 5. b3 O-O 6. O-O b6 7. e3 Bb7 8. Qe2 Nbd7 9. Bb2 c5 10. d3 Qc7 11. Nbd2 {A14: English Opening: 1...e6 with b3 by White} Rfe8 {LiveBook: 4 Games} (11... dxc4 12. bxc4 Nb8 13. Rfd1 Nc6 14. Ne1 Rad8 15. f4 Nd7 16. Ne4 f5 17. Nc3 Bf6 18. Nf3 a6 {0-1 (51) Danielsen,H (2520)-Gretarsson,H (2561) Reykjavik 2015}) 12. e4 dxe4 13. dxe4 {The position is equal.} e5 14. Ne1 Nb8 $146 ({Predecessor:} 14... Rad8 15. Nc2 Nb8 16. Ne3 Nc6 17. Nd5 Nxd5 18. exd5 Nd4 {½-½ (41) Dresen,U (2305)-Groenegress,W Niederdreisbach 1981}) 15. f4 Nc6 16. Nd3 {[%cal Rf4e5]} Nd4 17. Bxd4 exd4 (17... cxd4 $11 18. Nxe5 (18. fxe5 Nd7 $11) 18... Bb4) 18. e5 Bf8 19. Qd1 (19. g4 $16) 19... Nd7 20. Bxb7 Qxb7 21. Qg4 Re6 22. Rae1 Rae8 23. Nf3 Rg6 24. Qf5 Qc6 25. Ng5 Re7 26. Re2 (26. e6 $6 fxe6 27. Qh3 Rh6 $11) 26... f6 (26... h6 $16) 27. Nf3 $1 $18 fxe5 28. fxe5 {[%cal Bf4e5,Be5f6][%mdl 32]} ({Not} 28. Ndxe5 Nxe5 29. Nxe5 (29. fxe5 Rf6 $11) 29... Qa8 $11) ({Weaker is} 28. Nfxe5 Qb7 $14) 28... Rf6 $2 (28... Qe6 {is a better chance.} 29. Qe4 Qc6 30. Qd5+ Qxd5 31. cxd5 Re8) 29. exf6 Rxe2 30. Nf4 g6 31. f7+ Kg7 32. Qh3 $2 $40 {[%mdl 128] White attacks.} (32. Qg4 $1 $18 Re7 33. Ng5) 32... Re7 $2 {[%mdl 8192]} (32... Re3 $1 $11) 33. Ng5 {Nfe6+ would kill now.} h5 34. g4 $2 ({Stronger than} 34. Nd5 Re5 $14) (34. Nge6+ $18 {has better winning chances.} Kh6 35. g4 Rxe6 36. Nxe6) 34... Re5 $16 {[#]} 35. Nf3 $1 {[%cal Rf3e5,Bg5f3,Bf3h4,Bh4f5][%mdl 32]} Re4 {[#]} 36. Nh4 $1 {[%cal Rh4g6]} Re3 $2 {[%mdl 8192] [#]} (36... Rxf4 $16 37. Rxf4 Qe6) 37. Nxh5+ $1 $18 {[%mdl 576] Deflection. White is clearly winning.} gxh5 38. Nf5+ {[%mdl 64] Double Attack} Kh7 39. Qxh5+ Bh6 40. Nxe3 {Accuracy: White = 45%, Black = 41%.} (40. Nxh6 $142 Qxh6 41. Qf5+ {[%mdl 64] Double Attack} Kh8 42. Qxd7 Qf8 43. Qf5 Re7 44. Qf6+ Kh7 45. Rf5 Qxf7 46. Rh5+ {[%mdl 64] Overworked Piece} Qxh5 47. Qxe7+ {[%mdl 64] Double Attack} Kg6 48. Qe6+ Kg5 49. Qf5+ Kh6 50. gxh5) 1-0

[Event "3rd Vergani Cup 2018"]
[Site "Montebelluna"]
[Date "2019.01.02"]
[Round "?"]
[White "Prithu Gupta"]
[Black "Ter-Sahakyan, Samvel"]
[Result "0-1"]
[WhiteElo "2462"]
[BlackElo "2574"]
[Annotator "TA"]
[PlyCount "76"]
[EventDate "2018.12.27"]
[EventType "swiss"]
[EventCountry "ITA"]

{[%evp 22,76,30,26,43,42,37,-9,-4,-19,-6,-16,27,19,18,21,18,21,31,0,0,-41,15,0,0,13,35,-9,-16,-68,49,-16,-25,-93,-37,-100,-37,-110,-39,-26,-38,-32,-37,-51,-49,-422,-426,-2635,0,-2460,-2377,-2133,-2041,-1177,-791,-741,-750]} 1. e4 e5 2. Nf3 Nf6 3. Nxe5 d6 4. Nf3 Nxe4 5. d4 d5 6. Bd3 Bd6 7. c4 c6 8. O-O O-O 9. Qc2 Na6 10. a3 Bg4 11. Ne5 {C42: Petroff Defence: 3 Nxe5 and unusual White 3rd moves} Bf5 12. b4 {LiveBook: 30 Games} Nc7 13. Nc3 $146 {White is slightly better.} ({Predecessor:} 13. f3 Bg6 14. c5 Bxe5 15. dxe5 Ng5 16. Bb2 d4 17. f4 Nd5 18. fxg5 Ne3 {1-0 (42) Anand,V (2767)-Caruana,F (2811) Wijk aan Zee 2018}) 13... a5 14. Bb2 (14. Nxe4 dxe4 15. Bxe4 Bxe4 $15) 14... axb4 15. axb4 Na6 16. Na2 Bxe5 (16... Nxb4 $6 17. Nxb4 Rxa1 18. Rxa1 $16 (18. Bxa1 Bxb4 19. cxd5 cxd5 $16)) 17. dxe5 Bg6 18. cxd5 cxd5 19. Bd4 Qd7 20. f3 Ng5 21. f4 (21. Be3 {seems wilder.} Rfc8 22. Qe2 Ne6 23. f4 d4 24. Bd2) 21... Rac8 (21... Rfc8 $15 22. Qd1 Bxd3 23. Qxd3 Ne4) 22. Qe2 Bxd3 23. Qxd3 Ne4 24. f5 Rc4 25. f6 ({Better is} 25. Rad1 $11) 25... gxf6 (25... Rfc8 $1 $15) 26. exf6 (26. Nc3 $1 $14 Nxc3 27. Qg3+ Kh8 28. Bxc3) 26... Kh8 ({Reject} 26... Nxb4 $6 27. Nxb4 Rxb4 28. Rf4 $16) 27. Rf4 (27. Be3 $11 {remains equal.}) 27... Qe6 ({Stronger than} 27... Nxb4 28. Nxb4 Rxb4 29. Bc5 $1 $16 {[%mdl 512]}) (27... Qc8 $17 28. Rh4 Rg8) 28. Re1 ({White should try} 28. Raf1 $15) 28... Rg8 $17 ({And not} 28... Nxb4 29. Nxb4 Rxb4 30. Qa3 $14) 29. b5 {[#]} ({White should play} 29. Rh4 $1 $15) 29... Nac5 (29... Nc7 $1 $17 30. Rc1 Ng5) 30. Bxc5 $1 $15 Rxc5 31. Nb4 Qb6 {Threatens to win with ...Rc2+.} 32. Qd4 Qxb5 $40 {[%mdl 128] And now ...Rc4 would win. Black attacks.} 33. Nxd5 $2 {[%mdl 8192] [#]} (33. h4 $15) 33... Ng5 $1 $19 34. Rf5 (34. Ne3 $142 Nh3+ 35. Kh1 Nxf4 36. Qxf4) 34... Nh3+ $1 35. Kh1 {[#]} Qe2 $1 {[%csl Gg8][%cal Re2g2][%mdl 576] Double Attack. Black is clearly winning.} 36. Ne3 (36. Rxe2 Rc1+) 36... Qxe1+ 37. Rf1 {[#]} Rc1 $1 {( -> ...Qxf1+)} 38. g3 Qc3 {Accuracy: White = 25%, Black = 58%.} 0-1

[Event "3rd Vergani Cup 2018"]
[Site "Montebelluna"]
[Date "2019.01.02"]
[Round "?"]
[White "Prithu Gupta"]
[Black "Botta, Massimiliano"]
[Result "0-1"]
[WhiteElo "2462"]
[BlackElo "2180"]
[Annotator "TA"]
[PlyCount "106"]
[EventDate "2018.12.27"]
[EventType "swiss"]
[EventCountry "ITA"]

{[%evp 15,106,18,6,28,12,17,4,-3,66,58,65,15,29,28,29,26,28,0,13,0,75,41,54,-23,-11,-80,-76,-66,-52,-85,-78,-148,-128,-244,-162,-165,-160,-147,-157,-157,-154,-160,-162,-143,-109,-91,-98,-89,-47,-71,-50,-62,-45,-100,-77,-183,-151,-222,-158,-284,-293,-356,-362,-352,-385,-365,-376,-376,-368,-370,-364,-352,-358,-318,-296,-328,-314,-593,-560,-1168,-802,-990,-777,-1038,-595,-2386,-1400,-820,0,-2062,-1737,-1332,-1100]} 1. e4 e6 2. d4 d5 3. exd5 exd5 4. c4 Bb4+ 5. Nc3 Nf6 6. Bd3 Be6 {C01: French: Exchange Variation} (6... dxc4 7. Bxc4 O-O 8. Nge2 Nbd7 9. O-O Nb6 10. Bb3 c6 11. Bg5 Be7 12. Re1 h6 13. Bh4 Nbd5 14. Nxd5 Nxd5 15. Bxe7 Nxe7 16. Nf4 {1-0 (68) Rakhmanov,A (2653)-Riazantsev,A (2650) Riadh 2017}) 7. c5 O-O 8. Nge2 b6 {LiveBook: 3 Games. The position is equal.} 9. a3 $146 ({Predecessor:} 9. cxb6 axb6 10. O-O Bd6 11. Bf4 c5 12. Qd2 Nc6 13. Bxd6 Qxd6 14. h3 {0-1 (61) Crut,A (2373)-Velten,P (2430) Nancy 2013}) 9... Bxc3+ $1 10. Nxc3 bxc5 11. dxc5 Qe7 ({Better is} 11... Nbd7 $11) 12. O-O $14 Qxc5 13. Bg5 {And now Bxf6 would win.} Nbd7 $1 14. Rc1 Qb6 15. b4 a5 {[%cal Ba7a5,Ba5a4,Ba4a3,Ba3a2][%mdl 32]} 16. b5 (16. Be3 $5 {[%cal Re3b6]} Qb7 17. b5 $11) 16... Qd6 17. Ne2 Rfc8 (17... Qxa3 $11 {remains equal.} 18. Rxc7 Rac8) 18. Bf4 $16 Qxa3 19. Rxc7 (19. Bxc7 $14 Qb4 20. b6 $1 {[%mdl 512]}) 19... a4 20. Nd4 (20. Rxc8+ $11 {keeps the balance.} Rxc8 21. Nd4) 20... Rxc7 $17 21. Bxc7 Qc5 22. Nc6 a3 {Strongly threatening ...a2.} 23. Qa1 ({White should try} 23. Ba5) 23... a2 24. Bd8 {[#]} (24. Ba5 $17 Qa3 25. Bc3) 24... d4 $1 {[%cal Bd5d4,Bd4c3][%mdl 544]} 25. Be7 (25. Qxd4 Qxd4) 25... Qc3 26. Qxc3 dxc3 27. Ra1 Nd5 28. Bd6 N7b6 29. Kf1 f6 30. Ke1 g6 31. Kd1 Kg7 32. Kc2 Ra4 33. Bc5 Nd7 34. Bd4 (34. Bd6 $1 $15) 34... Ra3 $36 {[%mdl 2048] White is under strong pressure.} 35. Bc4 (35. g3 $17) 35... Bf5+ $19 36. Kc1 (36. Bd3 $17) 36... N7b6 {[#]} 37. Bxb6 (37. Ne7 $1 $17 {[%mdl 512] is a better defense.} Nxc4 (37... Nxe7 38. Bxb6) 38. Nxd5) 37... Nxb6 38. Rxa2 Nxc4 39. Rxa3 Nxa3 40. b6 {b7 is the strong threat.} Bc8 41. Na5 {[#]} f5 $1 42. b7 {[#]} Bxb7 $1 43. Nxb7 {[%mdl 4096] Endgame KN-KN} Kf6 44. Kd1 Ke5 45. Ke2 Kd4 46. Nd6 $2 (46. Na5) 46... Kc5 47. Nf7 Kb4 48. Ne5 Kb3 49. h4 Nc2 50. Kd3 Nb4+ 51. Ke2 Nc2 (51... Kc2 $142 52. Nc4 Kc1) 52. Kd3 $1 Ne1+ {[%mdl 64] Double Attack} 53. Ke2 Nxg2 {Accuracy: White = 44%, Black = 66%.} 0-1